000 00933cam a2200169 4500500
005 20260301001718.0
041 _afre
042 _adc
100 1 0 _aBoriceanu, Oana
_eauthor
700 1 0 _aAugier, Gérard
_eauthor
245 0 0 _aIntérêt des thérapies cognitives et comportementales dans la pratique de secteur
260 _c2007.
500 _a35
520 _aUne des idées reçues concernant la psychiatrie est qu’il s’agit de maladies chroniques « qu’on ne peut pas guérir ». Si le 20ème siècle prenait le temps de comprendre le 21ème siècle, presserait le moment de conclure. Face à une souffrance psychique, quelles théories ? quelles pratiques ? mais surtout peut-on en psychiatrie guérir ? tel est le sens de ce travail.
786 0 _nPsy Cause | 50 | 4 | 2007-01-03 | p. 11-15 | 1245-2394
856 4 1 _uhttps://shs.cairn.info/revue-psy-cause-2007-4-page-11?lang=fr&redirect-ssocas=7080
999 _c1674091
_d1674091